00572cam a22002291 4500001001300000003000400013005001700017008004100034010001700075025002000092035002000112040002100132042001200153050001500165100004400180245002500224260001100249300002400260500001500284650002600299999001700325sa 65010391 DLC20260227112208.0940922s1965 ii a 000 0 telo  asa 65010391  aPL480:I-Te-1087 a(OCoLC)31160498 aDLCcCUdCUdDLC apremarc00aQP431b.R32 aRadhakrishna Murthy, Guntupalli,d1930-10aJñāna pañcami. c[1965] a51 p.bill.c18 cm. aIn Telugu. 0aSenses and sensation. c66708d66708